|
|
|
|
| LEADER |
02405nam a2200637 i 4500 |
| 001 |
nkc20162865747 |
| 003 |
CZ PrNK |
| 005 |
20231108101430.0 |
| 007 |
ta |
| 008 |
161230t20172017xr ac e 000 0 cze |
| 015 |
|
|
|a cnb002865747
|
| 020 |
|
|
|a 978-80-906787-0-5
|q (brožováno)
|
| 035 |
|
|
|a (OCoLC)993648505
|
| 040 |
|
|
|a BOA001
|b cze
|e rda
|
| 041 |
1 |
|
|a cze
|a eng
|h cze
|
| 043 |
|
|
|a e-xr---
|b e-xr-pg
|2 czenas
|
| 045 |
|
|
|a y1y1
|
| 072 |
|
7 |
|a 785
|x Instrumentální hudba. Symfonická hudba. Hudba pro více nástrojů
|2 Konspekt
|9 9
|
| 080 |
|
|
|a 785.11.071
|2 MRF
|
| 080 |
|
|
|a 78-027.22
|2 MRF
|
| 080 |
|
|
|a (437.311)
|2 MRF
|
| 080 |
|
|
|a (082.2)
|2 MRF
|
| 080 |
|
|
|a (084.12)
|2 MRF
|
| 100 |
1 |
|
|a Kadlec, Petr,
|d 1980-
|7 osd2014825941
|4 pht
|
| 245 |
1 |
0 |
|a Česká filharmonie :
|b 120. sezona = Czech Philharmonic : 120th season /
|c Petr Kadlec
|
| 246 |
3 |
1 |
|a Czech Philharmonic
|
| 264 |
|
1 |
|a [Praha] :
|b Česká filharmonie,
|c [2017]
|
| 264 |
|
4 |
|c ©2017
|
| 300 |
|
|
|a 208 nečíslovaných stran :
|b ilustrace, portréty ;
|c 27 cm
|
| 336 |
|
|
|a text
|b txt
|2 rdacontent
|
| 336 |
|
|
|a statický obraz
|b sti
|2 rdacontent
|
| 337 |
|
|
|a bez média
|b n
|2 rdamedia
|
| 338 |
|
|
|a svazek
|b nc
|2 rdacarrier
|
| 500 |
|
|
|a "Fotografie Petr Kadlec"--Tiráž
|
| 500 |
|
|
|a Chronologický přehled
|
| 546 |
|
|
|a Souběžný anglický text
|
| 610 |
2 |
7 |
|a Česká filharmonie
|7 kn20010710169
|2 czenas
|
| 648 |
|
7 |
|a 21. století
|7 ch460559
|2 czenas
|
| 648 |
|
7 |
|a 2016
|7 ch967318
|2 czenas
|
| 650 |
0 |
7 |
|a symfonické orchestry
|7 ph135216
|z Česko
|y 21. století
|2 czenas
|
| 650 |
0 |
7 |
|a hudební život
|7 ph135177
|z Česko
|y 21. století
|2 czenas
|
| 650 |
0 |
9 |
|a symphonic orchestras
|z Czechia
|y 21st century
|2 eczenas
|
| 650 |
0 |
9 |
|a musical life
|z Czechia
|y 21st century
|2 eczenas
|
| 651 |
|
7 |
|a Praha (Česko)
|7 ge118011
|2 czenas
|
| 651 |
|
9 |
|a Prague (Czechia)
|2 eczenas
|
| 655 |
|
7 |
|a jubilejní publikace
|7 fd131839
|2 czenas
|
| 655 |
|
7 |
|a fotografické publikace
|7 fd132276
|2 czenas
|
| 655 |
|
9 |
|a jubilee books
|2 eczenas
|
| 655 |
|
9 |
|a photographical works
|2 eczenas
|
| 856 |
4 |
1 |
|u http://www.digitalniknihovna.cz/mzk/uuid/uuid:0241b360-8f08-11e7-b175-005056827e52
|y Digitalizovaný dokument
|x NDK
|
| 910 |
2 |
|
|a BOA001
|b 3-1389.025
|
| 928 |
9 |
|
|a Czech Philharmonic
|
| 990 |
|
|
|a BK
|
| 995 |
|
|
|a 01
|
| 991 |
|
|
|b 201705
|c NOV
|
| 996 |
6 |
|
|b 2610706812
|c 3-1389.025
|l MZK
|r Sklad / do 1 hodiny
|n 3
|p p.v.
|w 001611517
|u 000010
|a 1
|e BOA001
|j MZK50
|s P
|